| 000 | 00709 a2200241 4500 | ||
|---|---|---|---|
| 001 | 22910 | ||
| 999 |
_c22910 _d9568 |
||
| 003 | TR-AnTOB | ||
| 005 | 20190510133722.0 | ||
| 008 | 041102s1995 tu tur | ||
| 020 | _a9753891768 | ||
| 041 | _atur | ||
| 050 |
_aDS35.63 _b.C36 1995 |
||
| 090 | _aDS35.63 .C36 1995 | ||
| 100 |
_aCan, Yılmaz _916493 |
||
| 245 | 0 |
_aİslâm şehirlerinin fiziki yapısı : _bH-I-III/ M. VII-IX yüzyıl / _cYılmaz Can. |
|
| 264 | 1 |
_aAnkara : _bDiyanet Vakfı Yayınları, _c1995 |
|
| 300 |
_a244 p. : _bkrk. ; _c20 cm. |
||
| 490 | 0 |
_aDiyanet Vakfı Yayınları; 169. _aİlmi Eserler Serisi; 39 |
|
| 500 | _aIncludes bibliographies. | ||
| 651 |
_aİslam ülkeleri _xTarih _950654 |
||
| 902 | _a*** | ||
| 942 | _cBK | ||